000 00770nam a2200217 i 4500
001 20368
003 BD-RjUL
005 20211209000545.0
008 140227s1953 enk 00001 eng d
035 _a(BD-RjUL)20430
040 _aANL
_beng
_cANL
_dBD-RjUL
041 _aeng
082 0 4 _a821.4082
_bHOM 1953
100 1 _aHowarth, R. G.
_q(Robert Guy),
_d1906-1974.
_962799
245 1 0 _aMinor poets of the seventeenth century : [Edward Herbert, First Lord Herbert of Cherbury] :
_bThomas Carew /
_cSir John Suckling ; Richard Lovelace / [Reprinted, with revisions to Carew and Suckling].
260 0 _aLondon :
_bDent,
_c1953.
300 _axxviii, 386 p. ;
_c19 cm.
650 0 _aEnglish poetry
_yEarly modern, 1500-1700.
_94392
942 _2ddc
_cBK
999 _c20368
_d20368